00280 a2200109 4500001000700000020000600007040001100013100003600024240005300060245004800113362000900161169587 a  cMagnum aSociedade Brasileira de Quimica10aQuimica nova - dezembro - v.20 - n.especiallpor10aQuimica nova - dezembro - v.20 - n.especial0 a1899